The Tamptation of Elizabeth Tudor (Record no. 3533)
[ view plain ]
| 000 -LEADER | |
|---|---|
| fixed length control field | 00430nam a22001457a 4500 |
| 008 - FIXED-LENGTH DATA ELEMENTS--GENERAL INFORMATION | |
| fixed length control field | 250519b |||||||| |||| 00| 0 eng d |
| 020 ## - INTERNATIONAL STANDARD BOOK NUMBER | |
| ISBN | 9781784081737 |
| 100 ## - MAIN ENTRY--AUTHOR | |
| Author | Norton Elizabeth |
| 245 ## - TITLE STATEMENT | |
| Title | The Tamptation of Elizabeth Tudor |
| 260 ## - PUBLICATION, DISTRIBUTION, ETC. (IMPRINT) | |
| Place of publication | London |
| Name of publisher | Head Of Zeus Ltd |
| Date of publication | 2015 |
| 300 ## - COLLATION | |
| Pagination | 355p. |
| 650 ## - TRACINGS | |
| Main Subject | Elizabeth I Queen of England, 1533 |
| Subdivision (1st) | Seimour, Thomas Seymar Baron - 1508 - 1549 |
| 942 ## - ADDED ENTRY ELEMENTS (KOHA) | |
| Item type | Books |
| 050 ## - LIBRARY OF CONGRESS CALL NUMBER | |
| Classification number | DA355 |
| Item number | ,N67 |
| Source of classification or shelving scheme | Not for loan | Permanent location | Current location | Date acquired | Accession No. | Full call number | Barcode. | Koha item type |
|---|---|---|---|---|---|---|---|---|
| Library of Congress Classification | Samuel Ogbemudia Main Library, University of Abuja | Samuel Ogbemudia Main Library, University of Abuja | 05/19/2025 | 2024/64388 | DA355.N67 | 2025-2007 | Books |